| 000 | 00350 a2200157 4500 | ||
|---|---|---|---|
| 001 | 183431 | ||
| 020 | _a85-16-03201-9 | ||
| 040 | _cMagnum | ||
| 100 | _aPrado, Lucilia Junqueira de Almeida | ||
| 240 | 1 | 0 |
_aFiz o que pude _lpor |
| 245 | 1 | 0 | _aFiz o que pude |
| 300 | _a30 | ||
| 362 | 0 | _a2006 | |
| 697 | _aLITERATURA INFANTO-JUVENIL | ||
| 942 | _cBK | ||
| 999 |
_c183431 _d183431 |
||